Biología 2: el organismo humano : funciones de nutrición, relación y control /
Guardado en:
| Autor Principal: | |
|---|---|
| Otros Autores: | |
| Formato: | Libro |
| Publicado: |
Buenos Aires :
Longseller,
2002
|
| Series: | Serie de Libros Temáticos
|
| Materias: | |
| Etiquetas: |
Agregar Etiqueta
Sin Etiquetas, Sea el primero en etiquetar este registro!
|
| LEADER | 00802nam a22002415a 4500 | ||
|---|---|---|---|
| 001 | CEM.cems013867 | ||
| 005 | 20130424164633.0 | ||
| 008 | 130507s2002##################000#0#####d | ||
| 003 | CEMS | ||
| 020 | |a 9875501336 | ||
| 082 | 0 | 4 | |a 611 |
| 100 | 1 | |a Suárez, Hilda | |
| 245 | 1 | 0 | |a Biología 2: el organismo humano : |b funciones de nutrición, relación y control / |c Hilda Suárez y Ana María Espinoza |
| 260 | |a Buenos Aires : |b Longseller, |c 2002 | ||
| 300 | |a 112 p. | ||
| 490 | 0 | |a Serie de Libros Temáticos | |
| 505 | 0 | |a De la célula al organismo humano -- Nutrición -- Funciones de relación y control | |
| 653 | |a Biología | ||
| 653 | |a Organismo humano | ||
| 653 | |a Célula | ||
| 653 | |a Nutrición | ||
| 700 | 1 | |a Espinoza, Ana María | |
| 859 | |a CEMS |b BIB. CEMS - 11 de abril |h 611 |i Su13 |p 26627.13 |t Ej.1 | ||
